00857 2200289 4500001002100000005001500021035002500036008004100061020002200102040001700124082001400141084001600155100001900171245009300190250001100283260006200294300004300356650002000399700001400419850001200433007000300445090002000448090002200468504003300490999002200523990002200545INLIS00000000001730320200528014338 a0010-021600000000391160204s2015 yoi g ind d a978-979-8786-56-3 aYOPDYOGbind04222a338.6 a338.6 LUT p0 aLutfi Muta'ali00aPengembangan kawasan strategis ekonomi /cpenulis, Lutfi Muta'ali; penyunting, Nasruddin aCet. 13 aYogyakarta :bBadan Penerbit Fakultas Geografi UGM,c2015 axiv, 200 halaman :bilustrasi ;c23 cm 4aPolitik Ekonomi0 aNasruddin aYOPDYOGta aDEP 338.6 LUT p aCB-D.11 2015-1152 aBibliografi: halaman 198-200 aCB-D.11/2015-1152 aCB-D.11/2015-1152